[Event "MA7 Gruppe 1"]
[Site "Koge"]
[Date "2004.04.06"]
[Round "1"]
[White "Paaske, Asger"]
[Black "Hartvig, Ove Weiss"]
[Result "1/2-1/2"]
[WhiteElo "2117"]
[BlackElo "2237"]
[PlyCount "47"]
[EventDate "2004.04.06"]
[EventType "tourn"]
[EventRounds "7"]
[EventCountry "DEN"]

1. e4 d5 2. exd5 Nf6 3. d4 Nxd5 4. Nf3 g6 5. Be2 Bg7 6. O-O O-O 7. c4 Nb6 8.
Nc3 Nc6 9. d5 Ne5 10. c5 Nbd7 11. Be3 c6 12. Nxe5 Nxe5 13. f4 Nd7 14. dxc6 bxc6
15. Bf3 Rb8 16. Bxc6 Rxb2 17. Rc1 Nb8 18. Bf3 Bd7 19. Bd4 Bc6 20. Bxg7 Kxg7 21.
Bxc6 Nxc6 22. Qf3 Qd4+ 23. Kh1 Rc8 24. Rfd1 1/2-1/2

[Event "MA7 Gruppe 1"]
[Site "Koge"]
[Date "2004.04.06"]
[Round "1"]
[White "Petersen, Steen Brustrup"]
[Black "Andersen, Ib Hother"]
[Result "1-0"]
[WhiteElo "2090"]
[BlackElo "2060"]
[PlyCount "87"]
[EventDate "2004.04.06"]
[EventType "tourn"]
[EventRounds "7"]
[EventCountry "DEN"]

1. d4 Nf6 2. c4 e6 3. Nc3 Bb4 4. Qc2 O-O 5. e4 d5 6. e5 Ne4 7. Bd3 c5 8. cxd5
exd5 9. Nge2 Nc6 10. O-O cxd4 11. Nxd5 Qxd5 12. Bxe4 Qxe5 13. Bxh7+ Kh8 14. Bf4
Qf6 15. Be4 Bg4 16. f3 Be6 17. a3 Be7 18. Bg3 Rac8 19. Qd2 Rfd8 20. Rac1 d3 21.
Nf4 Qg5 22. Bxc6 Rxc6 23. Rxc6 bxc6 24. Bf2 Bb3 25. g3 Bc2 26. Kg2 a6 27. Be3
Qb5 28. b4 a5 29. Rc1 axb4 30. axb4 Bxb4 31. Qf2 Qa4 32. g4 d2 33. Qh4+ Bh7 34.
Qxd8+ Bg8 35. Qh4+ Bh7 36. Qd8+ Bg8 37. Bxd2 Qa2 38. Qh4+ Bh7 39. Qd8+ Bg8 40.
Rd1 Qc2 41. Qh4+ Bh7 42. Qd8+ Bg8 43. Qh4+ Bh7 44. Qe1 1-0

[Event "MA7 Gruppe 1"]
[Site "Koge"]
[Date "2004.04.06"]
[Round "1"]
[White "Jensen, Jacob Bjerre"]
[Black "Nielsen, Jan Mose"]
[Result "1-0"]
[WhiteElo "2166"]
[BlackElo "2078"]
[PlyCount "45"]
[EventDate "2004.04.06"]
[EventType "tourn"]
[EventRounds "7"]
[EventCountry "DEN"]

1. d4 d5 2. c4 c6 3. Nc3 Nf6 4. e3 e6 5. Nf3 Nbd7 6. Bd3 dxc4 7. Bxc4 b5 8. Bd3
Bb7 9. e4 b4 10. Na4 Be7 11. O-O O-O 12. Bg5 h6 13. Bxf6 Nxf6 14. Rc1 c5 15.
Nxc5 Bxc5 16. dxc5 Bxe4 17. Bxe4 Nxe4 18. Qe1 Qd5 19. Qxb4 Rfb8 20. Qa3 Rb5 21.
c6 Rb6 22. c7 Rc6 23. Rcd1 1-0

[Event "MA7 Gruppe 1"]
[Site "Koge"]
[Date "2004.04.06"]
[Round "1"]
[White "Jensen, Leif"]
[Black "Nielsen, Max"]
[Result "0-1"]
[WhiteElo "2036"]
[BlackElo "2190"]
[PlyCount "58"]
[EventDate "2004.04.06"]
[EventType "tourn"]
[EventRounds "7"]
[EventCountry "DEN"]

1. e4 e5 2. Nc3 Nf6 3. f4 d5 4. fxe5 Nxe4 5. Nf3 Bc5 6. d4 Bb4 7. Qd3 c5 8. Bd2
Bxc3 9. Bxc3 Nc6 10. Qe3 Nxc3 11. bxc3 c4 12. Qg5 Qa5 13. Kd2 O-O 14. Be2 Bd7
15. h4 Rae8 16. Rhe1 b5 17. a3 Qb6 18. Bf1 a5 19. h5 h6 20. Qf4 b4 21. Rab1 f6
22. e6 Bxe6 23. Qd6 Bf7 24. Rxe8 Rxe8 25. axb4 axb4 26. Rxb4 Qa6 27. Rb2 Qa1
28. Rb7 Qxf1 29. Qxc6 Re2# 0-1

[Event "MA7 Gruppe 1"]
[Site "Koge"]
[Date "2004.04.07"]
[Round "2"]
[White "Hartvig, Ove Weiss"]
[Black "Nielsen, Max"]
[Result "0-1"]
[WhiteElo "2237"]
[BlackElo "2190"]
[PlyCount "70"]
[EventDate "2004.04.06"]
[EventType "tourn"]
[EventRounds "7"]
[EventCountry "DEN"]

1. e4 c5 2. Nf3 Nc6 3. d4 cxd4 4. Nxd4 Nf6 5. Nc3 e5 6. Ndb5 d6 7. Nd5 Nxd5 8.
exd5 Nb8 9. Qf3 a6 10. Qa3 b6 11. c4 Be7 12. Bg5 f6 13. Be3 O-O 14. c5 bxc5 15.
Bxc5 dxc5 16. d6 Bxd6 17. Rd1 axb5 18. Qxa8 Kh8 19. Bxb5 Qb6 20. a4 Bc7 21. Qf3
Bb7 22. Qe3 Qa5+ 23. Ke2 Qb4 24. f3 Ba5 25. b3 Bc6 26. Qd3 e4 27. Qc4 exf3+ 28.
gxf3 Qa3 29. Qc2 c4 30. Bxc4 Re8+ 31. Kf1 Bxf3 32. Bb5 Bxd1 33. Qxd1 Re1+ 34.
Qxe1 Bxe1 35. Ke2 Qb2+ 0-1

[Event "MA7 Gruppe 1"]
[Site "Koge"]
[Date "2004.04.07"]
[Round "2"]
[White "Nielsen, Jan Mose"]
[Black "Jensen, Leif"]
[Result "0-1"]
[WhiteElo "2078"]
[BlackElo "2036"]
[PlyCount "116"]
[EventDate "2004.04.06"]
[EventType "tourn"]
[EventRounds "7"]
[EventCountry "DEN"]

1. b4 d5 2. Bb2 Nf6 3. e3 Bf5 4. c4 e6 5. Nf3 c6 6. Nh4 Bg6 7. Qb3 Nbd7 8. d3
a5 9. a3 Qb6 10. Nxg6 hxg6 11. Bd4 Bc5 12. Bxf6 Nxf6 13. d4 Be7 14. c5 Qc7 15.
b5 e5 16. Qb2 exd4 17. bxc6 bxc6 18. exd4 Rb8 19. Qc2 Qf4 20. Nd2 Qxd4 21. Rd1
Qxc5 22. Qxc5 Bxc5 23. Rc1 Bxa3 24. Rxc6 Kd7 25. Ra6 Bb4 26. Kd1 Rhc8 27. Bd3
Rc6 28. Ra7+ Rc7 29. Ra6 Kd8 30. Re1 Re7 31. Rxe7 Kxe7 32. Ra7+ Kf8 33. Nf3 Ne4
34. Ba6 Nxf2+ 35. Ke2 Re8+ 36. Kf1 Ng4 37. Bb5 Rd8 38. Ng5 Ne5 39. Ke2 d4 40.
Bd3 Nxd3 41. Nxf7 Nf4+ 42. Kf3 Rd5 43. Kxf4 Rf5+ 44. Ke4 Rxf7 45. Ra8+ Ke7 46.
Ke5 Rf5+ 47. Kxd4 Rf2 48. g3 Rxh2 49. Ke5 Re2+ 50. Kf4 Kf6 51. Kf3 Re6 52. Kg4
Re4+ 53. Kf3 Rd4 54. Ke3 Rd7 55. Kf3 Kg5 56. Ra6 Rd3+ 57. Kf2 Rd6 58. Ra8 Kg4
0-1

[Event "MA7 Gruppe 1"]
[Site "Koge"]
[Date "2004.04.07"]
[Round "2"]
[White "Andersen, Ib Hother"]
[Black "Jensen, Jacob Bjerre"]
[Result "0-1"]
[WhiteElo "2060"]
[BlackElo "2166"]
[PlyCount "82"]
[EventDate "2004.04.06"]
[EventType "tourn"]
[EventRounds "7"]
[EventCountry "DEN"]

1. e4 d6 2. d4 Nf6 3. Nc3 g6 4. Nf3 Bg7 5. h3 O-O 6. Bc4 c5 7. dxc5 Qa5 8. O-O
Qxc5 9. Qe2 Nc6 10. Be3 Qh5 11. Rfe1 Bd7 12. Rad1 a6 13. Bb6 Rac8 14. Nd5 Nxd5
15. Rxd5 Ne5 16. Nxe5 Qxe2 17. Bxe2 Bxe5 18. c3 Be6 19. Ra5 Rc6 20. Be3 Rxc3
21. Bh6 Rc2 22. Bxf8 Kxf8 23. Bg4 Rxb2 24. Rc1 Bxa2 25. Bc8 Bb1 26. f3 Bd3 27.
Ra4 Bb5 28. Raa1 Rb4 29. Rab1 Bd4+ 30. Kh2 Rxb1 31. Rxb1 b6 32. Kg3 Ke8 33.
Rxb5 axb5 34. Ba6 b4 35. Bc4 e6 36. f4 Kd7 37. Kf3 f5 38. g4 fxe4+ 39. Kxe4 d5+
40. Bxd5 exd5+ 41. Kxd4 Ke6 0-1

[Event "MA7 Gruppe 1"]
[Site "Koge"]
[Date "2004.04.07"]
[Round "2"]
[White "Paaske, Asger"]
[Black "Petersen, Steen Brustrup"]
[Result "1-0"]
[WhiteElo "2117"]
[BlackElo "2090"]
[PlyCount "83"]
[EventDate "2004.04.06"]
[EventType "tourn"]
[EventRounds "7"]
[EventCountry "DEN"]

1. e4 c5 2. c3 e6 3. d4 d5 4. exd5 exd5 5. Nf3 Bd6 6. dxc5 Bxc5 7. Bb5+ Nc6 8.
O-O Nge7 9. Nbd2 O-O 10. Nb3 Bd6 11. h3 Bf5 12. Nbd4 Bg6 13. Bg5 Nxd4 14. Nxd4
f6 15. Bh4 Bf7 16. Bd3 Qd7 17. Re1 Be5 18. Bc2 a6 19. Qf3 Bg6 20. Bb3 Kh8 21.
Rad1 Be4 22. Rxe4 dxe4 23. Qxe4 Rad8 24. g4 Ng6 25. Bc2 Rfe8 26. Qd3 Qc7 27.
Qf5 Qb6 28. Qh5 Nf8 29. g5 g6 30. Qf3 Bxd4 31. cxd4 f5 32. Bg3 Nd7 33. Bb3 Re4
34. Bf4 Qb4 35. Qg3 b6 36. a3 a5 37. axb4 axb4 38. Be5+ Nxe5 39. dxe5 Rxd1+ 40.
Bxd1 Re1+ 41. Kg2 Rxd1 42. Qb3 1-0

[Event "MA7 Gruppe 1"]
[Site "Koge"]
[Date "2004.04.08"]
[Round "3"]
[White "Petersen, Steen Brustrup"]
[Black "Hartvig, Ove Weiss"]
[Result "0-1"]
[WhiteElo "2090"]
[BlackElo "2237"]
[PlyCount "40"]
[EventDate "2004.04.06"]
[EventType "tourn"]
[EventRounds "7"]
[EventCountry "DEN"]

1. e4 c6 2. d4 d5 3. Nc3 g6 4. e5 h5 5. f4 Nh6 6. Nf3 Bg4 7. Be3 Nf5 8. Bf2 Qb6
9. Rb1 e6 10. Be2 c5 11. Na4 Qa5+ 12. c3 cxd4 13. b4 Qc7 14. cxd4 a5 15. a3
axb4 16. axb4 Nc6 17. Nc5 Bxf3 18. gxf3 Be7 19. b5 Ncxd4 20. Nxb7 Nc2+ 0-1

[Event "MA7 Gruppe 1"]
[Site "Koge"]
[Date "2004.04.08"]
[Round "3"]
[White "Jensen, Jacob Bjerre"]
[Black "Paaske, Asger"]
[Result "1-0"]
[WhiteElo "2166"]
[BlackElo "2117"]
[PlyCount "97"]
[EventDate "2004.04.06"]
[EventType "tourn"]
[EventRounds "7"]
[EventCountry "DEN"]

1. d4 Nf6 2. c4 g6 3. Nc3 d5 4. cxd5 Nxd5 5. e4 Nxc3 6. bxc3 Bg7 7. Bc4 O-O 8.
Ne2 c5 9. O-O Nc6 10. Be3 Qc7 11. Rc1 Rd8 12. Bf4 Qd7 13. dxc5 Qe8 14. Qa4 Bd7
15. Qa3 Ne5 16. Bxe5 Bxe5 17. f4 Bg7 18. e5 Bb5 19. Qb3 Bxc4 20. Qxc4 Qc6 21.
Nd4 Qd5 22. Qxd5 Rxd5 23. Nb3 e6 24. c4 Rd7 25. Rfd1 Rc7 26. Rc3 Bf8 27. Rcd3
Bxc5+ 28. Nxc5 Rxc5 29. Rd7 Rxc4 30. f5 gxf5 31. Rxb7 Ra4 32. Rdd7 Rxa2 33.
Rxf7 Rc8 34. Rg7+ Kf8 35. h4 Rcc2 36. h5 h6 37. Rg6 Re2 38. Rb8+ Kf7 39. Rf6+
Kg7 40. Rg6+ Kf7 41. Rf6+ Kg7 42. Rb7+ Kg8 43. Rg6+ Kf8 44. Rxh6 Rxg2+ 45. Kf1
Raf2+ 46. Ke1 Kg8 47. Rxe6 Kf8 48. Rh6 Kg8 49. Rd6 1-0

[Event "MA7 Gruppe 1"]
[Site "Koge"]
[Date "2004.04.08"]
[Round "3"]
[White "Jensen, Leif"]
[Black "Andersen, Ib Hother"]
[Result "0-1"]
[WhiteElo "2036"]
[BlackElo "2060"]
[PlyCount "86"]
[EventDate "2004.04.06"]
[EventType "tourn"]
[EventRounds "7"]
[EventCountry "DEN"]

1. e4 e5 2. Nc3 Nf6 3. f4 d5 4. fxe5 Nxe4 5. Nf3 Nc6 6. Bb5 Be7 7. Qe2 Nxc3 8.
dxc3 O-O 9. Bf4 a6 10. Bxc6 bxc6 11. O-O-O c5 12. c4 c6 13. Qd3 Qa5 14. a3 dxc4
15. Qxc4 Be6 16. Qe2 Rab8 17. Bd2 Qb5 18. Qxb5 axb5 19. Bg5 Bxg5+ 20. Nxg5 Bd5
21. Nf3 Rfe8 22. Rhe1 Re7 23. Rd2 Rbe8 24. Rde2 f6 25. Kd2 Bxf3 26. gxf3 Rxe5
27. Rxe5 fxe5 28. Ke3 Rd8 29. Re2 Kf7 30. Ke4 Kf6 31. Rg2 Rd4+ 32. Ke3 h5 33.
Rf2 Kf5 34. c3 Rh4 35. b3 g5 36. Rd2 c4 37. b4 Rh3 38. Rd6 g4 39. Rxc6 Rxf3+
40. Kd2 Rf2+ 41. Kc1 Rxh2 42. a4 g3 43. axb5 g2 0-1

[Event "MA7 Gruppe 1"]
[Site "Koge"]
[Date "2004.04.08"]
[Round "3"]
[White "Nielsen, Max"]
[Black "Nielsen, Jan Mose"]
[Result "1-0"]
[WhiteElo "2190"]
[BlackElo "2078"]
[PlyCount "99"]
[EventDate "2004.04.06"]
[EventType "tourn"]
[EventRounds "7"]
[EventCountry "DEN"]

1. e4 c5 2. Nf3 Nc6 3. d4 cxd4 4. Nxd4 e5 5. Nb5 d6 6. c4 Be7 7. Bd3 Be6 8.
N1c3 a6 9. Na3 Rc8 10. O-O g5 11. Be3 Nb8 12. Rc1 h6 13. Nd5 Nd7 14. Nb1 Ngf6
15. Nbc3 Ng4 16. Bd2 Nb6 17. b3 O-O 18. Ne2 Nxd5 19. exd5 Bd7 20. Ng3 b5 21.
Nf5 bxc4 22. bxc4 Bxf5 23. Bxf5 Nf6 24. Bxc8 Qxc8 25. Be3 Rd8 26. Qe2 Qc7 27.
Rb1 Nd7 28. Rb3 Rb8 29. Rfb1 Rxb3 30. axb3 Kg7 31. Ra1 Qb7 32. Qd3 Bf6 33. Rb1
a5 34. Bd2 Bd8 35. Bc3 Nc5 36. Qc2 Qd7 37. Ra1 Qb7 38. Rb1 Qa7 39. Ra1 Qb7 40.
Bxa5 Bxa5 41. Rxa5 Qb4 42. Ra1 e4 43. h3 Kg6 44. f3 f5 45. g4 Nxb3 46. gxf5+
Kf6 47. Qb2+ Kxf5 48. fxe4+ Kxe4 49. Qc2+ Kd4 50. Rb1 1-0

[Event "MA7 Gruppe 1"]
[Site "Koge"]
[Date "2004.04.09"]
[Round "4"]
[White "Hartvig, Ove Weiss"]
[Black "Nielsen, Jan Mose"]
[Result "1-0"]
[WhiteElo "2237"]
[BlackElo "2078"]
[PlyCount "59"]
[EventDate "2004.04.06"]
[EventType "tourn"]
[EventRounds "7"]
[EventCountry "DEN"]

1. e4 c5 2. Nf3 Nc6 3. d4 cxd4 4. Nxd4 e5 5. Nb5 a6 6. Nd6+ Bxd6 7. Qxd6 Qf6 8.
Qd1 Qg6 9. Nc3 d5 10. Nxd5 Qxe4+ 11. Be3 Nd4 12. Nc7+ Ke7 13. Rc1 Bg4 14. Qd3
Qxd3 15. Bxd3 Rd8 16. h3 Bc8 17. f4 f6 18. Kf2 Kd6 19. c3 Nb3 20. Nb5+ Kc6 21.
Be4+ Kxb5 22. axb3 Ne7 23. fxe5 fxe5 24. g4 h5 25. Ra1 hxg4 26. Ra4 g3+ 27. Kg2
a5 28. Rb4+ axb4 29. c4+ Ka6 30. Ra1# 1-0

[Event "MA7 Gruppe 1"]
[Site "Koge"]
[Date "2004.04.09"]
[Round "4"]
[White "Andersen, Ib Hother"]
[Black "Nielsen, Max"]
[Result "0-1"]
[WhiteElo "2060"]
[BlackElo "2190"]
[PlyCount "64"]
[EventDate "2004.04.06"]
[EventType "tourn"]
[EventRounds "7"]
[EventCountry "DEN"]

1. e4 c5 2. Nf3 Nc6 3. d4 cxd4 4. Nxd4 Nf6 5. Nc3 e5 6. Ndb5 d6 7. Nd5 Nxd5 8.
exd5 Nb8 9. Qf3 a6 10. Qa3 b6 11. c4 Be7 12. Bg5 f6 13. Be3 O-O 14. Bd3 f5 15.
f4 Bb7 16. Nc3 Nd7 17. O-O g6 18. Rfe1 exf4 19. Bxf4 Ne5 20. Bf1 Bf6 21. Rad1
g5 22. Bc1 Qc7 23. Qb3 Ng4 24. Na4 Qg7 25. Be3 b5 26. cxb5 Rae8 27. Qd3 axb5
28. Nc3 Bxc3 29. bxc3 Qe5 30. g3 Nxe3 31. Qxb5 Bc8 32. Qd3 f4 0-1

[Event "MA7 Gruppe 1"]
[Site "Koge"]
[Date "2004.04.09"]
[Round "4"]
[White "Paaske, Asger"]
[Black "Jensen, Leif"]
[Result "1/2-1/2"]
[WhiteElo "2117"]
[BlackElo "2036"]
[PlyCount "43"]
[EventDate "2004.04.06"]
[EventType "tourn"]
[EventRounds "7"]
[EventCountry "DEN"]

1. e4 e6 2. d4 d5 3. Nd2 dxe4 4. Nxe4 Bd7 5. Bd3 Bc6 6. Nf3 Bxe4 7. Bxe4 c6 8.
O-O Nf6 9. Bd3 Bd6 10. Bg5 Nbd7 11. Qe2 Qc7 12. Rfe1 O-O 13. Ne5 Rfe8 14. h4 h6
15. Bd2 a6 16. g4 Nf8 17. Kg2 Nd5 18. c4 Ne7 19. g5 hxg5 20. hxg5 Bxe5 21. dxe5
Nfg6 22. f4 1/2-1/2

[Event "MA7 Gruppe 1"]
[Site "Koge"]
[Date "2004.04.09"]
[Round "4"]
[White "Petersen, Steen Brustrup"]
[Black "Jensen, Jacob Bjerre"]
[Result "1-0"]
[WhiteElo "2090"]
[BlackElo "2166"]
[PlyCount "57"]
[EventDate "2004.04.06"]
[EventType "tourn"]
[EventRounds "7"]
[EventCountry "DEN"]

1. e4 d6 2. d4 Nf6 3. Nc3 g6 4. Be3 c6 5. Qd2 Nbd7 6. Nf3 b5 7. Bd3 Bb7 8. e5
b4 9. Ne2 Nd5 10. e6 fxe6 11. Ng5 N7f6 12. h4 Kd7 13. Nf7 Qe8 14. Nxh8 Bg7 15.
Nxg6 hxg6 16. Bg5 Qf7 17. f3 Nh5 18. c4 bxc3 19. bxc3 Kc7 20. Rb1 e5 21. c4 Nb6
22. c5 Nc4 23. Rxb7+ Kxb7 24. Qb4+ Nb6 25. cxb6 axb6 26. O-O exd4 27. Rb1 b5
28. Bxb5 c5 29. Bc6+ 1-0

[Event "MA7 Gruppe 1"]
[Site "Koge"]
[Date "2004.04.10"]
[Round "5"]
[White "Jensen, Jacob Bjerre"]
[Black "Hartvig, Ove Weiss"]
[Result "1/2-1/2"]
[WhiteElo "2166"]
[BlackElo "2237"]
[PlyCount "47"]
[EventDate "2004.04.06"]
[EventType "tourn"]
[EventRounds "7"]
[EventCountry "DEN"]

1. d4 Nf6 2. Nf3 c5 3. g3 cxd4 4. Nxd4 g6 5. Bg2 Bg7 6. O-O Nc6 7. c4 O-O 8.
Nc3 Nxd4 9. Qxd4 d6 10. Qd3 a6 11. Be3 Bf5 12. Qd2 Qc7 13. Rac1 Rac8 14. Bg5
Be6 15. b3 Rfd8 16. Rfd1 Qb8 17. Qe3 Rc7 18. Nd5 Bxd5 19. cxd5 Rdc8 20. Bxf6
Bxf6 21. Bh3 Rxc1 22. Rxc1 Rc7 23. Kg2 Bb2 24. Rxc7 1/2-1/2

[Event "MA7 Gruppe 1"]
[Site "Koge"]
[Date "2004.04.10"]
[Round "5"]
[White "Jensen, Leif"]
[Black "Petersen, Steen Brustrup"]
[Result "0-1"]
[WhiteElo "2036"]
[BlackElo "2090"]
[PlyCount "124"]
[EventDate "2004.04.06"]
[EventType "tourn"]
[EventRounds "7"]
[EventCountry "DEN"]

1. e4 c5 2. f4 d5 3. e5 Nc6 4. Nf3 g6 5. c3 Nh6 6. d3 Bg7 7. g3 O-O 8. Bg2 f6
9. exf6 exf6 10. O-O Re8 11. Na3 b6 12. Nc2 Bb7 13. d4 Qd6 14. Be3 Ng4 15. Bf2
Ba6 16. Re1 Ne7 17. dxc5 bxc5 18. Rxe7 Rxe7 19. Ne5 Rd8 20. Nxg4 Be2 21. Nxf6+
Bxf6 22. Qd2 d4 23. cxd4 cxd4 24. Nb4 Bb5 25. Nd5 Re2 26. Qa5 Rxb2 27. Qxa7 d3
28. Rd1 Bc4 29. Nxf6+ Qxf6 30. Qc5 Bxa2 31. Bf3 Bb3 32. Rf1 Rc2 33. Qb4 Rb2 34.
Bb6 Rb8 35. Bd4 Rxb4 36. Bxf6 Ra2 37. Rb1 Ra6 38. Rxb3 Rxb3 39. Bd5+ Kf8 40.
Bxb3 Rxf6 41. Kf2 Rd6 42. Ke3 d2 43. Bd1 Ke7 44. h4 h5 45. Ke2 Kf6 46. Bc2
d1=Q+ 47. Bxd1 Kf5 48. Bc2+ Kg4 49. Ke3 Kxg3 50. f5 gxf5 51. Bxf5 Rf6 52. Be4
Kxh4 53. Bf3 Rf5 54. Ke4 Rg5 55. Kf4 Rg4+ 56. Ke3 Kg3 57. Ke2 Rg5 58. Bc6 h4
59. Kf1 h3 60. Bb7 h2 61. Ke2 Rb5 62. Bc6 Rb1 0-1

[Event "MA7 Gruppe 1"]
[Site "Koge"]
[Date "2004.04.10"]
[Round "5"]
[White "Nielsen, Max"]
[Black "Paaske, Asger"]
[Result "1/2-1/2"]
[WhiteElo "2190"]
[BlackElo "2117"]
[PlyCount "61"]
[EventDate "2004.04.06"]
[EventType "tourn"]
[EventRounds "7"]
[EventCountry "DEN"]

1. e4 c5 2. Nf3 Nc6 3. d4 cxd4 4. Nxd4 Nf6 5. Nc3 e5 6. Ndb5 d6 7. Bg5 a6 8.
Na3 b5 9. Bxf6 gxf6 10. Nd5 Bg7 11. Bd3 Ne7 12. Nxe7 Qxe7 13. c3 f5 14. O-O O-O
15. Nc2 f4 16. Qh5 f5 17. exf5 Rf6 18. Rfe1 Bb7 19. Qh4 Bxg2 20. Kxg2 Rg6+ 21.
fxg6 Qxh4 22. gxh7+ Kh8 23. f3 Rf8 24. Nb4 Rf6 25. Re2 Rh6 26. Kh1 Qh5 27. Be4
Rxh7 28. Rg2 Bf6 29. Bxh7 Kxh7 30. Rf1 Qf7 31. Rd2 1/2-1/2

[Event "MA7 Gruppe 1"]
[Site "Koge"]
[Date "2004.04.10"]
[Round "5"]
[White "Nielsen, Jan Mose"]
[Black "Andersen, Ib Hother"]
[Result "1/2-1/2"]
[WhiteElo "2078"]
[BlackElo "2060"]
[PlyCount "107"]
[EventDate "2004.04.06"]
[EventType "tourn"]
[EventRounds "7"]
[EventCountry "DEN"]

1. d4 Nf6 2. Bg5 Ne4 3. h4 c5 4. dxc5 d5 5. Nd2 Nxc5 6. Nb3 Nxb3 7. axb3 f6 8.
Bd2 e5 9. e3 Nc6 10. Bd3 Be6 11. e4 Bc5 12. exd5 Bxd5 13. Qg4 Qe7 14. f3 Nd4
15. Ne2 Be6 16. Qg3 Nf5 17. Qg4 Ne3 18. Qg3 a6 19. Bxe3 Bxe3 20. Bxh7 O-O-O 21.
Bd3 g5 22. Nc3 gxh4 23. Rxh4 Rhg8 24. Qh2 Bf4 25. Rxf4 exf4 26. O-O-O Qc7 27.
Re1 Bf7 28. Qh6 Rge8 29. Rxe8 Rxe8 30. Qxf6 Rg8 31. Qh6 Kb8 32. Qh3 Qc5 33. Qd7
Qc7 34. Qh3 Qc5 35. Qd7 Qc7 36. Qh3 Qb6 37. Qd7 Qe3+ 38. Kb1 Qe6 39. Qd4 Rxg2
40. Qxf4+ Ka8 41. Be4 Bg6 42. Nd5 Qf7 43. Nb6+ Ka7 44. Nc8+ Ka8 45. Qxf7 Bxf7
46. Bxb7+ Kxb7 47. Nd6+ Kc7 48. Nxf7 Rf2 49. Ng5 Rf1+ 50. Ka2 Kb6 51. c3 Kb5
52. Ne6 a5 53. f4 Kb6 54. f5 1/2-1/2

[Event "MA7 Gruppe 1"]
[Site "Koge"]
[Date "2004.04.11"]
[Round "6"]
[White "Hartvig, Ove Weiss"]
[Black "Andersen, Ib Hother"]
[Result "1/2-1/2"]
[WhiteElo "2237"]
[BlackElo "2060"]
[PlyCount "37"]
[EventDate "2004.04.06"]
[EventType "tourn"]
[EventRounds "7"]
[EventCountry "DEN"]

1. e4 e5 2. d4 exd4 3. Qxd4 Nc6 4. Qe3 Nf6 5. Bd2 Be7 6. Nc3 d5 7. exd5 Nxd5 8.
Nxd5 Qxd5 9. Ne2 Bg4 10. Nf4 Qe5 11. Qxe5 Nxe5 12. Bc3 Bd6 13. h3 Bf5 14. O-O-O
O-O-O 15. Nd5 f6 16. Be2 Rhe8 17. Ne3 Be4 18. Rhe1 g6 19. Bf1 1/2-1/2

[Event "MA7 Gruppe 1"]
[Site "Koge"]
[Date "2004.04.11"]
[Round "6"]
[White "Paaske, Asger"]
[Black "Nielsen, Jan Mose"]
[Result "1/2-1/2"]
[WhiteElo "2117"]
[BlackElo "2078"]
[PlyCount "41"]
[EventDate "2004.04.06"]
[EventType "tourn"]
[EventRounds "7"]
[EventCountry "DEN"]

1. e4 c5 2. c3 Nc6 3. d4 cxd4 4. cxd4 d5 5. exd5 Qxd5 6. Nf3 e5 7. Nc3 Bb4 8.
Bd2 Bxc3 9. Bxc3 e4 10. Ne5 Nxe5 11. dxe5 Ne7 12. Qa4+ Bd7 13. Qa3 Qe6 14. b3
O-O 15. Bc4 Nd5 16. O-O b5 17. Bxd5 Qxd5 18. Rad1 Qc6 19. Qb2 Be6 20. Bd4 a5
21. Be3 1/2-1/2

[Event "MA7 Gruppe 1"]
[Site "Koge"]
[Date "2004.04.11"]
[Round "6"]
[White "Petersen, Steen Brustrup"]
[Black "Nielsen, Max"]
[Result "0-1"]
[WhiteElo "2090"]
[BlackElo "2190"]
[PlyCount "78"]
[EventDate "2004.04.06"]
[EventType "tourn"]
[EventRounds "7"]
[EventCountry "DEN"]

1. e4 e5 2. Nf3 Nc6 3. d4 exd4 4. Bc4 Nf6 5. e5 d5 6. Bb5 Ne4 7. Nxd4 Bd7 8.
Bxc6 bxc6 9. O-O Bc5 10. f3 Ng5 11. f4 Ne4 12. Be3 Bb6 13. Nd2 Nxd2 14. Qxd2 c5
15. Nb3 d4 16. Bf2 Bb5 17. Rfe1 Qd5 18. f5 Bc6 19. Qg5 h6 20. Qg4 O-O-O 21.
Rad1 Rhe8 22. c3 h5 23. Qh3 Rxe5 24. c4 Rxe1+ 25. Rxe1 Qxc4 26. f6+ Kb7 27.
fxg7 Rg8 28. Qxh5 Rxg7 29. Bg3 Qc2 30. Re2 Qd1+ 31. Kf2 Rg6 32. Qe5 Re6 33.
Nxc5+ Bxc5 34. Qxc7+ Ka6 35. Qc8+ Kb5 36. Qb8+ Bb6 37. Re5+ Rxe5 38. Qxe5+ Ka6
39. Bf4 Qc2+ 0-1

[Event "MA7 Gruppe 1"]
[Site "Koge"]
[Date "2004.04.11"]
[Round "6"]
[White "Jensen, Jacob Bjerre"]
[Black "Jensen, Leif"]
[Result "1-0"]
[WhiteElo "2166"]
[BlackElo "2036"]
[PlyCount "69"]
[EventDate "2004.04.06"]
[EventType "tourn"]
[EventRounds "7"]
[EventCountry "DEN"]

1. d4 d5 2. c4 c6 3. Nc3 Nf6 4. e3 e6 5. Nf3 Nbd7 6. Bd3 Bd6 7. e4 dxe4 8. Nxe4
Nxe4 9. Bxe4 Qc7 10. O-O O-O 11. Bc2 Bf4 12. Qd3 g6 13. Qe4 Bxc1 14. Raxc1 b6
15. Qh4 Kg7 16. Rfe1 Qd8 17. Qg3 Bb7 18. Rcd1 Rc8 19. Ng5 Qc7 20. Qh3 h6 21.
Nf3 Rce8 22. Qg4 Nf6 23. Qh4 c5 24. Ne5 cxd4 25. Qxd4 Rd8 26. Qc3 Rxd1 27. Bxd1
Kh7 28. Bc2 h5 29. Qg3 Rg8 30. Qg5 Qe7 31. Rd1 Rd8 32. Bxg6+ fxg6 33. Qxg6+ Kh8
34. Rxd8+ Qxd8 35. Nf7# 1-0

[Event "MA7 Gruppe 1"]
[Site "Koge"]
[Date "2004.04.12"]
[Round "7"]
[White "Jensen, Leif"]
[Black "Hartvig, Ove Weiss"]
[Result "0-1"]
[WhiteElo "2036"]
[BlackElo "2237"]
[PlyCount "66"]
[EventDate "2004.04.06"]
[EventType "tourn"]
[EventRounds "7"]
[EventCountry "DEN"]

1. e4 c6 2. Nf3 d5 3. Nc3 Bg4 4. Be2 e6 5. Ne5 Bxe2 6. Qxe2 Nd7 7. exd5 Nxe5 8.
Qxe5 cxd5 9. O-O Nf6 10. Qg3 Bd6 11. Qxg7 Rg8 12. Qh6 Ng4 13. Qxh7 Bxh2+ 14.
Kh1 Ke7 15. Qh4+ Nf6 16. Qxh2 Rh8 17. Re1 Ng4 18. Qxh8 Qxh8+ 19. Kg1 Qh2+ 20.
Kf1 Qh1+ 21. Ke2 Qxg2 22. Nd1 Ne5 23. d3 Qg4+ 24. Kd2 Nf3+ 25. Ke2 Nxe1+ 26.
Kxe1 Rh8 27. Ne3 Rh1+ 28. Kd2 Qf3 29. Kc3 Qxf2 30. Ng4 Qc5+ 31. Kb3 Qb5+ 32.
Kc3 d4+ 33. Kxd4 Rh4 0-1

[Event "MA7 Gruppe 1"]
[Site "Koge"]
[Date "2004.04.12"]
[Round "7"]
[White "Nielsen, Max"]
[Black "Jensen, Jacob Bjerre"]
[Result "1/2-1/2"]
[WhiteElo "2190"]
[BlackElo "2166"]
[PlyCount "29"]
[EventDate "2004.04.06"]
[EventType "tourn"]
[EventRounds "7"]
[EventCountry "DEN"]

1. e4 e6 2. d4 d5 3. Nc3 Bb4 4. e5 c5 5. Qg4 Ne7 6. dxc5 Nbc6 7. Bd2 O-O 8.
O-O-O b6 9. Bd3 Nf5 10. Nf3 Bxc3 11. Bxc3 bxc5 12. Qh3 g6 13. g4 Nfd4 14. Bxd4
Nxd4 15. Nxd4 1/2-1/2

[Event "MA7 Gruppe 1"]
[Site "Koge"]
[Date "2004.04.12"]
[Round "7"]
[White "Andersen, Ib Hother"]
[Black "Paaske, Asger"]
[Result "1-0"]
[WhiteElo "2060"]
[BlackElo "2117"]
[PlyCount "81"]
[EventDate "2004.04.06"]
[EventType "tourn"]
[EventRounds "7"]
[EventCountry "DEN"]

1. e4 c5 2. Nf3 Nc6 3. d4 cxd4 4. Nxd4 Nf6 5. Nc3 e5 6. Ndb5 d6 7. Bg5 a6 8.
Na3 b5 9. Nd5 Qa5+ 10. Bd2 Qd8 11. c4 Nxd5 12. exd5 Ne7 13. cxb5 Nxd5 14. Qf3
Be6 15. Bc4 Nf6 16. Bxe6 fxe6 17. Qc6+ Kf7 18. O-O axb5 19. Nxb5 Rc8 20. Qb7+
Qd7 21. Qxd7+ Nxd7 22. Rfc1 Be7 23. Bb4 d5 24. Nd6+ Bxd6 25. Bxd6 e4 26. a4 Nb6
27. Rc7+ Kf6 28. b3 Rxc7 29. Bxc7 Na8 30. Ba5 Rc8 31. b4 d4 32. b5 d3 33. Kf1
Rb8 34. Ke1 Nb6 35. Bxb6 Rxb6 36. Rb1 Ke5 37. a5 Rb8 38. a6 Kd4 39. a7 Ra8 40.
b6 Kc3 41. b7 1-0